रजा की रसोई / (Record no. 112525)

MARC details
000 -LEADER
fixed length control field 01017nam a22002537a 4500
005 - DATE AND TIME OF LATEST TRANSACTION
control field 20170124102940.0
010 ## - LIBRARY OF CONGRESS CONTROL NUMBER
LC control number B-069801
020 ## - INTERNATIONAL STANDARD BOOK NUMBER
Terms of availability 95.00
International Standard Book Number 8126704071
035 ## - SYSTEM CONTROL NUMBER
System control number B-069801
037 ## - SOURCE OF ACQUISITION
Source of stock number/acquisition Cen Lib/Ret
040 ## - CATALOGING SOURCE
Original cataloging agency DPL
Language of cataloging HN
082 ## - DEWEY DECIMAL CLASSIFICATION NUMBER
Classification number 822
Item number महर्षि
100 ## - MAIN ENTRY--PERSONAL NAME
Personal name महर्षि, मोहन
9 (RLIN) 48027
245 ## - TITLE STATEMENT
Title रजा की रसोई /
Statement of responsibility, etc मोहन महर्षि
246 ## - VARYING FORM OF TITLE
Title proper/short title Raja ki rasoi /
Remainder of title by Mohan Maharshi
260 ## - PUBLICATION, DISTRIBUTION, ETC. (IMPRINT)
Place of publication, distribution, etc नई दिल्ली
Name of publisher, distributor, etc राजकमल प्रकाशन
Date of publication, distribution, etc 2002
270 ## - ADDRESS
City नई दिल्ली
Address 1-बी, नेताजी सुभाष मार्ग
Postal code 110002
300 ## - PHYSICAL DESCRIPTION
Extent 78पृ.
Dimensions 20मी(सजिल्द)
650 ## - SUBJECT ADDED ENTRY--TOPICAL TERM
Topical term or geographic name as entry element हिन्दी साहित्य
9 (RLIN) 48028
650 ## - SUBJECT ADDED ENTRY--TOPICAL TERM
Topical term or geographic name as entry element हिन्दी साहित्य -- नाटक
9 (RLIN) 46022
650 ## - SUBJECT ADDED ENTRY--TOPICAL TERM
Topical term or geographic name as entry element Hindi literature
9 (RLIN) 48029
650 ## - SUBJECT ADDED ENTRY--TOPICAL TERM
Topical term or geographic name as entry element Hindi literature -- Drama
9 (RLIN) 48030
942 ## - ADDED ENTRY ELEMENTS (KOHA)
Source of classification or shelving scheme Dewey Decimal Classification
Koha item type Hindi Books
Classification part 822
Call number suffix महर्षि
Holdings
Withdrawn status Lost status Damaged status Not for loan Home library Current library Date acquired Source of acquisition Cost, normal purchase price Total Checkouts Full call number Barcode Date last seen Date checked out Copy number Cost, replacement price Price effective from Koha item type
        Central Library Central Library 08/08/2015 Cen Lib/Ret 95.00 3 822 महर्षि B-069801 30/07/2018 23/07/2018 1 95.00 08/08/2015 Hindi Books

© Delhi Public Library
Hit Counter
free hit counter